000 00408nam a22001457a 4500
999 _c4105
_d4105
008 200717b ||||| |||| 00| 0 eng d
082 0 0 _a620.00222
_bB5755
100 _91437
_aBhatt, N. D.
245 1 0 _aElementary engineering drawing [Plane and solid geometry]
_cby N. D. Bhatt
250 _a29th ed.
260 _aAnand
_bCharotar
_c1989
300 _axv, 600 p.
650 0 _aMechanical Drawing
942 _cBK